| 000 | 01462cam a22002054a 4500 | ||
|---|---|---|---|
| 005 | 20250605164100.0 | ||
| 008 | 250528s ||||||||||||||||||||||||d | ||
| 035 | _a17585 | ||
| 020 | _a9780230302662 | ||
| 040 |
_aGR-AtMCL _bgre _dGR-AtMCL _eAACR2 |
||
| 245 | 1 | _aEssential Quantitative Methods / For Business, Management and Finance: Fifth Edition | |
| 250 | _a5th | ||
| 260 |
_bPalgrave Macmillan, _c2012 |
||
| 300 | _a482 | ||
| 520 | _aQuantitative techniques are fundamental to the correct interpretation of commercial reality, and can aid practical business decision-making and problem-solving. Acknowledgements, Mathematical Applications, Revision Mathematics, Keeping Up With Change: Index Numbers, Collecting and Interpreting Data, Collecting Data: Surveys and Samples, Finding Patterns in Data: Charts and Tables, Making Sense of Data: Averages and Measures of Spread, Probability and Statistics, Taking a Chance: Probability, The Shape of Data: Probability Distributions, Interpreting with Confidence: Analysis of Sample Data, Checking Ideas: Testing a Hypothesis, Cause and Effect: Correlation and Regression, Decision-Making Techniques, How to Make Good Decisions, Choosing Wisely: Investment Appraisal, Forecasting: Time Series Analysis, Making the Most of Things: Linear Programming, Planning Large Projects: Network Analysis, Bibliography, Index. | ||
| 700 | 1 |
_aOakshott Les _93753 |
|
| 942 | _cBK | ||
| 999 |
_c2989 _d2989 |
||